| 000 | 01342nam a2200349 a 4500 | ||
|---|---|---|---|
| 001 | ebr10253640 | ||
| 003 | CaPaEBR | ||
| 006 | m u | ||
| 007 | cr cn||||||||| | ||
| 008 | 080325s2008 au a sb 001 0 eng d | ||
| 010 | _z 2008925753 | ||
| 015 |
_aGBA852710 _2bnb |
||
| 016 | 7 |
_z014576205 _2Uk |
|
| 020 | _z9783211752357 (hbk.) | ||
| 020 | _z3211752358 (hbk.) | ||
| 020 | _z9783211752371 | ||
| 040 |
_aCaPaEBR _cCaPaEBR |
||
| 035 | _a(OCoLC)288468048 | ||
| 050 | 1 | 4 |
_aQC611.8.N33 _bS456 2008eb |
| 082 | 0 | 4 |
_a621.31852 _222 |
| 245 | 0 | 0 |
_aSemiconductor nanocrystal quantum dots _h[electronic resource] : _bsynthesis, assembly, spectroscopy, and applications / _cAndrey L. Rogach (ed.). |
| 260 |
_aWien ; _aNew York : _bSpringer, _cc2008. |
||
| 300 |
_ax, 372 p. : _bill. (some col.). |
||
| 504 | _aIncludes bibliographical references and index. | ||
| 533 |
_aElectronic reproduction. _bPalo Alto, Calif. : _cebrary, _d2013. _nAvailable via World Wide Web. _nAccess may be limited to ebrary affiliated libraries. |
||
| 650 | 0 | _aSemiconductor nanocrystals. | |
| 650 | 0 | _aQuantum dots. | |
| 655 | 7 |
_aElectronic books. _2local |
|
| 700 | 1 | _aRogach, Andrey L. | |
| 710 | 2 | _aebrary, Inc. | |
| 856 | 4 | 0 |
_uhttp://site.ebrary.com/lib/rucke/Doc?id=10253640 _zAn electronic book accessible through the World Wide Web; click to view |
| 999 |
_c31994 _d31994 |
||